| 000 | 00805nam a22002175i 4500 | ||
|---|---|---|---|
| 001 | 151860 | ||
| 003 | ES-MaACL | ||
| 005 | 20251126141328.0 | ||
| 008 | 940301s1890 sp b |||| | spa d | ||
| 040 |
_aCAM _bspa |
||
| 100 | 1 |
_aBenito Alfaro, Alfonso. _9125913 |
|
| 245 | 1 | 0 |
_aArganda del Rey / _cpor Alfonso Benito Alfaro... |
| 260 |
_aMadrid : _b[s.n.], _c1890 ( _fE. Rubiños) |
||
| 300 |
_aIX, 110 p., [1] h. de map. pleg. ; _c18 cm. |
||
| 490 | 1 |
_aBiblioteca de la Provincia de Madrid: Crónica general de sus pueblos ; _v6 |
|
| 650 | 7 |
_aArganda del Rey- _xDescripción _2 _9135598 |
|
| 700 | 1 | 1 |
_aRubiños, E., _eimp. _9132156 |
| 830 | 0 |
_aBiblioteca de la Provincia de Madrid: Crónica general de sus pueblos ; _v6 _9187684 |
|
| 852 |
_aES-MaACL _jG-252 _z-- Rúst. |
||
| 999 |
_c151860 _d151860 |
||